000 00205 a2200097 4500
001 20667
100 _aMcloughlin, E V
245 _aThe book of knowledge
260 _a
_bGrolier
_c
090 _c14967
_d14967
942 _aNUST-CAE
_cM
_c5521
999 _c255740
_d255740